Inovácie výroby a výrobkov

Salvato in:
Dettagli Bibliografici
Autore principale: Duľová Spišáková, Emília, 1983-
Ente Autore: Technická univerzita v Košiciach. Strojnícka fakulta
Altri autori: Sabadka, Dušan, Kováč, Milan, Gontkovičová, Barbora, 1986-
Natura: Libro
Lingua:slovacco
Pubblicazione: Košice Technická univerzita v Košiciach 2020
Edizione:1. vydanie
Serie:Edícia študijnej literatúry
Soggetti:
Tags: Aggiungi Tag
Nessun Tag, puoi essere il primo ad aggiungerne!!

MARC

LEADER 00000nam a2200000 4500
001 0271553
005 20240502074259.3
020 |a 978-80-553-3754-8 
041 0 |a slo 
044 |a SK 
245 1 0 |a Inovácie výroby a výrobkov  |c Emília Duľová Spišáková, Dušan Sabadka ; odborní lektori: Milan Kováč, Barbora Gontkovičová 
250 |a 1. vydanie 
264 1 |a Košice  |b Technická univerzita v Košiciach  |c 2020 
300 |a 252 s. [16,43 AH] 
490 1 |a Edícia študijnej literatúry 
830 0 |a Edícia študijnej literatúry 
610 2 0 |a inovácia 
610 2 0 |a invencia 
610 2 0 |a klasifikácia 
610 2 0 |a zdroje informácií 
610 2 0 |a inovácia výrobkov 
610 2 0 |a financovanie 
100 1 |a Duľová Spišáková, Emília, 1983- 
700 1 |a Sabadka, Dušan 
700 1 |a Kováč, Milan 
700 1 |a Gontkovičová, Barbora, 1986- 
710 2 |a Technická univerzita v Košiciach. Strojnícka fakulta